[Event "Titled Tue 24th Jun Early"]
[Site "chess.com INT"]
[Date "2025.06.24"]
[Round "10"]
[White "Huseynova, Lala"]
[Black "Klepek, Witold"]
[Result "0-1"]
[WhiteTitle "WFM"]
[BlackTitle "CM"]
[WhiteElo "2045"]
[BlackElo "2253"]
[WhiteFideId "13431781"]
[BlackFideId "1175068"]
[EventDate "2025.06.24"]

1. e4 d5 2. exd5 Nf6 3. Nc3 Nxd5 4. Nf3 c6 5. d4 g6 6. Be2 Bg7 7. O-O O-O 8. h3
Nxc3 9. bxc3 Bf5 10. Be3 Nd7 11. Bd3 Bxd3 12. cxd3 Qa5 13. Qd2 Rfd8 14. Rfc1 e5
15. dxe5 Nxe5 16. Nxe5 Bxe5 17. d4 Bf6 18. Qd3 Rd7 19. c4 Rad8 20. Rd1 c5 21. d5
Bxa1 22. Rxa1 f6 23. Qe4 Qb6 24. Rb1 Qd6 25. Bf4 Re7 26. Qf3 Qa6 27. d6 Rf7 28.
Qd5 Qc6 29. Qd3 Re8 30. Rd1 Rd7 31. Qc3 Kg7 32. Bg5 Rxd6 33. Rd5 Rxd5 34. cxd5
Qd6 35. Be3 b6 36. Qc4 Re5 37. Bf4 Qxd5 38. Qb5 Re7 39. Kh2 g5 40. Bg3 h5 41. h4
g4 42. Qe2 Rxe2 0-1

[Event "Titled Tue 24th Jun Early"]
[Site "chess.com INT"]
[Date "2025.06.24"]
[Round "10"]
[White "Ter-Sahakyan, Samvel"]
[Black "Carnicelli, Valerio"]
[Result "1-0"]
[WhiteTitle "GM"]
[BlackTitle "FM"]
[WhiteElo "2611"]
[BlackElo "2396"]
[WhiteFideId "13302531"]
[BlackFideId "856185"]
[EventDate "2025.06.24"]

1. d4 d6 2. e4 Nf6 3. Bd3 e5 4. c3 Nbd7 5. f4 Be7 6. Nf3 O-O 7. O-O d5 8. fxe5
Nxe4 9. Be3 f6 10. Nbd2 f5 11. Kh1 c5 12. Qe2 Qb6 13. Rab1 a5 14. a4 c4 15. Bc2
Qc6 16. Nxe4 fxe4 17. Nd2 Nb6 18. b3 cxb3 19. Rxf8+ Bxf8 20. Bxb3 Qxc3 21. Nxe4
Qc6 22. Rc1 Qe8 23. Nc3 Be6 24. Nb5 Rc8 25. Nc7 Qf7 26. Nxe6 Rxc1+ 27. Bxc1 Qxe6
28. Qb5 Qg4 29. Be3 Qe4 30. Bg1 Nc4 31. Qxb7 Ne3 32. Bxe3 Qxe3 33. Qxd5+ 1-0

[Event "Titled Tue 24th Jun Early"]
[Site "chess.com INT"]
[Date "2025.06.24"]
[Round "10"]
[White "Pranav, V"]
[Black "Gasparyan, Erik R."]
[Result "1-0"]
[WhiteTitle "GM"]
[BlackTitle "IM"]
[WhiteElo "2595"]
[BlackElo "2372"]
[WhiteFideId "25060783"]
[BlackFideId "13315730"]
[EventDate "2025.06.24"]

1. e4 c6 2. d4 d5 3. e5 Bf5 4. Nf3 e6 5. Be2 Nd7 6. O-O a6 7. c3 h6 8. Nbd2 Ne7
9. Re1 Rc8 10. Nf1 Bh7 11. Ng3 c5 12. Bd3 Bxd3 13. Qxd3 Nc6 14. a3 Qb6 15. b4
cxd4 16. cxd4 Qb5 17. Qd1 a5 18. bxa5 Nxa5 19. Bd2 Nc4 20. Nh5 g6 21. Nf6+ Nxf6
22. exf6 Qb6 23. Rb1 Qa6 24. a4 Bd6 25. h4 Kd7 26. Rb5 Ra8 27. Qb1 b6 28. Bb4
Qxa4 29. Bxd6 Kxd6 30. Rxb6+ Kc7 31. Rb7+ Kc8 32. Rxf7 Rb8 33. Qxg6 Rd8 34. Re7
Qb4 35. R7xe6 Nd6 36. f7 Ne4 37. Re8 Kb7 38. f8=Q 1-0

[Event "Titled Tue 24th Jun Early"]
[Site "chess.com INT"]
[Date "2025.06.24"]
[Round "10"]
[White "Durarbayli, Vasif"]
[Black "Kovalev, Vladislav"]
[Result "1-0"]
[WhiteTitle "GM"]
[BlackTitle "GM"]
[WhiteElo "2612"]
[BlackElo "2557"]
[WhiteFideId "13402935"]
[BlackFideId "13504398"]
[EventDate "2025.06.24"]

1. e4 e5 2. Nf3 Nc6 3. d4 exd4 4. Nxd4 Nf6 5. Nxc6 bxc6 6. e5 Qe7 7. Qe2 Nd5 8.
h4 g6 9. c4 Ba6 10. Bg5 Qb4+ 11. Nd2 Qxb2 12. Rb1 Qc2 13. Qe4 Qxe4+ 14. Nxe4
Bb4+ 15. Rxb4 Nxb4 16. Nf6+ Kd8 17. Nd5+ Kc8 18. Nxb4 Bb7 19. Nd3 Re8 20. Kd2 d6
21. g3 c5 22. Bh3+ Kb8 23. Rb1 a5 24. Bd7 Rg8 25. Be7 Ra6 26. Kc3 a4 27. Bb5 Rb6
28. Nb2 Be4 29. Re1 Bc6 30. Nxa4 Rxb5 31. cxb5 Bxb5 32. Nb2 Re8 33. exd6 Kc8 34.
Re3 Kd7 35. dxc7 1-0

[Event "Titled Tue 24th Jun Early"]
[Site "chess.com INT"]
[Date "2025.06.24"]
[Round "10"]
[White "Askarov, Bakhtiyar"]
[Black "Mohamed, Anees M"]
[Result "0-1"]
[WhiteTitle "IM"]
[BlackTitle "FM"]
[WhiteElo "2297"]
[BlackElo "2431"]
[WhiteFideId "13701100"]
[BlackFideId "35065815"]
[EventDate "2025.06.24"]

1. d4 f5 2. Nf3 e6 3. g3 Nf6 4. Bg2 Be7 5. O-O Ne4 6. b3 O-O 7. c4 d5 8. e3 c6
9. Bb2 Nd7 10. Nc3 Bf6 11. Ne1 b6 12. Rc1 Ba6 13. Nxe4 fxe4 14. Bh3 Qe7 15. f3
Bg5 16. f4 Bf6 17. Ba3 Qxa3 18. Bxe6+ Rf7 19. Rf2 Nf8 20. Bxf7+ Kxf7 21. cxd5
cxd5 22. Qh5+ Ke7 23. Qxd5 Qxc1 24. Qxa8 Qxe1+ 25. Kg2 Bd3 26. Qxa7+ Nd7 27. d5
Qxe3 28. Qc7 Bd4 29. d6+ Ke6 30. f5+ Ke5 31. Rf4 Qe2+ 32. Kh3 Qh5+ 33. Kg2 Qe2+
34. Kh3 Bg1 35. Qxd7 Qxh2+ 36. Kg4 Be2+ 37. Kg5 Qh5# 0-1

[Event "Titled Tue 24th Jun Early"]
[Site "chess.com INT"]
[Date "2025.06.24"]
[Round "10"]
[White "Jakubowski, Krzysztof"]
[Black "Samunenkov, Ihor"]
[Result "1-0"]
[WhiteTitle "GM"]
[BlackTitle "GM"]
[WhiteElo "2448"]
[BlackElo "2562"]
[WhiteFideId "1112848"]
[BlackFideId "14187086"]
[EventDate "2025.06.24"]

1. e4 c5 2. Nf3 Nc6 3. d4 cxd4 4. Nxd4 g6 5. c4 Nf6 6. Nc3 d6 7. Be2 Nxd4 8.
Qxd4 Bg7 9. O-O O-O 10. Qe3 a6 11. Bd2 Bd7 12. a4 a5 13. b3 Bc6 14. Rad1 Nd7 15.
Qg3 Nc5 16. Kh1 Nxb3 17. Bg5 h6 18. Nd5 hxg5 19. Qxb3 e6 20. Nb6 Ra6 21. c5 Rxb6
22. cxb6 Bxe4 23. Rc1 Bd4 24. Bf3 Bxf3 25. Qxf3 d5 26. Rc7 Qd6 27. Rb1 Bxb6 28.
Rxb7 Bc5 29. R1b5 Bb4 30. g3 d4 31. R5b6 Qd8 32. Qe4 Qf6 33. Kg2 Rd8 34. Rb8
Rxb8 35. Rxb8+ Kg7 36. Rd8 Bc3 37. Rd7 Qf5 38. f3 e5 39. Qd5 Bb4 40. g4 Qf4 41.
Qe4 Qd2+ 42. Kh3 Qe3 43. Qd5 Kh6 44. Qxf7 1-0

[Event "Titled Tue 24th Jun Early"]
[Site "chess.com INT"]
[Date "2025.06.24"]
[Round "10"]
[White "Alvarez Leon, Luis"]
[Black "Goncharov, Vladimir"]
[Result "1-0"]
[WhiteTitle "FM"]
[WhiteElo "2178"]
[BlackElo "2077"]
[WhiteFideId "3600351"]
[BlackFideId "34162256"]
[EventDate "2025.06.24"]

1. Nf3 Nf6 2. d4 e6 3. c4 c5 4. g3 cxd4 5. Nxd4 Nc6 6. Nb3 d5 7. cxd5 Qxd5 8.
Qxd5 Nxd5 9. Bg2 Ndb4 10. Na3 Be7 11. O-O O-O 12. Bd2 e5 13. Bc3 Bg4 14. Rfe1
Rfd8 15. h3 Be6 16. Bxc6 Nxc6 17. Kg2 a6 18. Nc2 Rac8 19. Ne3 b5 20. Red1 b4 21.
Be1 a5 22. Rxd8+ Rxd8 23. Rc1 Rc8 24. f4 a4 25. Nd2 exf4 26. gxf4 Bxa2 27. Ra1
b3 28. Rc1 a3 29. Ndc4 Nd4 30. Bc3 Nxe2 31. Nd5 Bf8 32. Ncb6 Nxc3 33. Nxc8 axb2
34. Rxc3 b1=Q 35. Nce7+ Bxe7 36. Rc8+ 1-0

[Event "Titled Tue 24th Jun Early"]
[Site "chess.com INT"]
[Date "2025.06.24"]
[Round "10"]
[White "Iskusnyh, Sergei"]
[Black "Molina, Roberto Junio Brito"]
[Result "0-1"]
[WhiteTitle "GM"]
[BlackTitle "IM"]
[WhiteElo "2440"]
[BlackElo "2381"]
[WhiteFideId "4120027"]
[BlackFideId "2109450"]
[EventDate "2025.06.24"]

1. d4 c6 2. c4 d5 3. Nf3 Nf6 4. e3 Bf5 5. Nc3 a6 6. Bd2 h6 7. Ne5 e6 8. Qb3 Ra7
9. cxd5 exd5 10. Bd3 Bxd3 11. Nxd3 Bd6 12. O-O O-O 13. f4 Nbd7 14. Ne5 Qb6 15.
Qc2 Raa8 16. Kh1 Rac8 17. Rad1 Qd8 18. Be1 Bb4 19. Bh4 Qc7 20. Qf5 Bxc3 21. bxc3
Nxe5 22. fxe5 Ne4 23. c4 b5 24. cxd5 cxd5 25. h3 Qc6 26. Kh2 Qe6 27. Qf3 Rc2 28.
Rc1 Rfc8 29. Rxc2 Rxc2 30. a3 Nd2 31. Qd1 Nxf1+ 32. Qxf1 Qg6 33. Qf3 Qe4 34. Qg3
g5 35. Bxg5 hxg5 36. Qxg5+ Qg6 37. Qd8+ Kg7 38. Qxd5 a5 39. Qf3 b4 40. axb4 axb4
41. d5 b3 42. d6 Rd2 43. e6 Qxe6 44. Qg3+ Qg6 45. Qe5+ Kh7 0-1

[Event "Titled Tue 24th Jun Early"]
[Site "chess.com INT"]
[Date "2025.06.24"]
[Round "10"]
[White "Marin Ferragut, Pau"]
[Black "Lugo, Blas"]
[Result "1-0"]
[WhiteTitle "FM"]
[BlackTitle "IM"]
[WhiteElo "2380"]
[BlackElo "2399"]
[WhiteFideId "54716020"]
[BlackFideId "2011263"]
[EventDate "2025.06.24"]

1. Nf3 d5 2. g3 c6 3. Bg2 Bg4 4. O-O Nd7 5. c4 e6 6. d3 Ngf6 7. Nbd2 Bd6 8. e4
dxe4 9. dxe4 O-O 10. Qe2 Ne5 11. h3 Bh5 12. g4 Bg6 13. Nxe5 Bxe5 14. f4 Bd4+ 15.
Kh1 h5 16. e5 Nxg4 17. Nf3 Nf2+ 18. Rxf2 Bxf2 19. Qxf2 Qd3 20. b3 Rfd8 21. Be3
Be4 22. Rg1 g6 23. Bc5 Qc2 24. Qg3 Rd1 25. Bd6 Rxg1+ 26. Kxg1 Qxa2 27. Nh4 Bxg2
28. Nxg2 a5 29. Be7 a4 30. bxa4 Qxc4 31. Qg5 Rxa4 32. Qh6 Qd4+ 33. Kh2 1-0

[Event "Titled Tue 24th Jun Early"]
[Site "chess.com INT"]
[Date "2025.06.24"]
[Round "10"]
[White "Weisz, Bryan"]
[Black "Caku, Kler"]
[Result "1-0"]
[BlackTitle "WFM"]
[WhiteElo "2059"]
[BlackElo "2010"]
[WhiteFideId "30934133"]
[BlackFideId "4704703"]
[EventDate "2025.06.24"]

1. b3 e5 2. Bb2 Nc6 3. e3 d5 4. Bb5 Bd6 5. f4 Qe7 6. Nf3 Bg4 7. fxe5 Bxe5 8.
Nxe5 Bxd1 9. Nxc6 bxc6 10. Bxc6+ Kd8 11. Kxd1 Nf6 12. Bxa8 Kd7 13. Bb7 Qe6 14.
Bxf6 Qxf6 15. Nc3 c6 16. Ba6 Qg6 17. Kc1 Qxg2 18. Kb2 Qxd2 19. Rae1 Re8 20. Re2
Qxe2 21. Bxe2 Rxe3 22. Rg1 d4 23. Rd1 c5 24. Bb5+ Ke6 25. Na4 Re5 26. Bc4+ Kf6
27. c3 dxc3+ 28. Nxc3 Kg6 29. Rd5 Re3 30. Rxc5 f5 31. Nd5 Rf3 32. h4 Rf2+ 33.
Ka3 Kh5 34. Rc7 Kh6 35. Rxa7 g6 36. b4 Rh2 37. b5 Rxh4 38. b6 Rh3+ 39. Bb3 Rd3
40. b7 1-0

[Event "Titled Tue 24th Jun Early"]
[Site "chess.com INT"]
[Date "2025.06.24"]
[Round "10"]
[White "Cahaya, Satria Duta"]
[Black "Tan, Zhongyi"]
[Result "1-0"]
[WhiteTitle "FM"]
[BlackTitle "GM"]
[WhiteElo "2386"]
[BlackElo "2546"]
[WhiteFideId "7124252"]
[BlackFideId "8603642"]
[EventDate "2025.06.24"]

1. e4 e5 2. Nf3 Nc6 3. Bb5 a6 4. Ba4 Nf6 5. O-O Be7 6. Bxc6 dxc6 7. d3 Bd6 8.
Nc3 Be6 9. Ng5 Bg4 10. f3 Bd7 11. f4 Bc5+ 12. Kh1 Ng4 13. fxe5 Nf2+ 14. Rxf2
Bxf2 15. Qf3 f6 16. e6 Bb6 17. Nf7 Qe7 18. Nxh8 Bxe6 19. Qh5+ g6 20. Nxg6 hxg6
21. Qxg6+ Kd7 22. Bf4 Rg8 23. Qh6 Qb4 24. Rb1 Bd4 25. Qh7+ Qe7 26. Qxe7+ Kxe7
27. Bxc7 b5 28. a3 c5 29. Ne2 Be3 30. Bf4 Bf2 31. Rf1 Bh4 32. g3 Bh3 33. Rf2 Bg5
34. Ng1 Be6 35. Bxg5 fxg5 36. Kg2 b4 37. a4 b3 38. c3 Rd8 39. Rd2 g4 40. Ne2 Bd7
41. a5 Bb5 42. Nf4 Kf6 43. Kf2 Re8 44. Ke3 Kg5 45. d4 cxd4+ 46. cxd4 Rc8 47. d5
Rc1 48. d6 Bd7 49. e5 Re1+ 50. Re2 Rd1 51. e6 Bb5 52. Rd2 Re1+ 53. Kd4 Kf6 54.
d7 Ke7 55. Kc5 Rc1+ 56. Kb6 1-0

[Event "Titled Tue 24th Jun Early"]
[Site "chess.com INT"]
[Date "2025.06.24"]
[Round "10"]
[White "Galchenko, Matvey"]
[Black "Andreikin, Dmitry"]
[Result "0-1"]
[WhiteTitle "IM"]
[BlackTitle "GM"]
[WhiteElo "2435"]
[BlackElo "2695"]
[WhiteFideId "24175480"]
[BlackFideId "4158814"]
[EventDate "2025.06.24"]

1. e4 g6 2. d4 d6 3. Nf3 Nf6 4. Bd3 Bg7 5. O-O O-O 6. c3 Nc6 7. h3 e5 8. Re1 a5
9. dxe5 Nxe5 10. Nxe5 dxe5 11. Be3 Be6 12. Bc5 Re8 13. Qc2 Nh5 14. Bf1 Qg5 15.
Be3 Nf4 16. Kh2 Qh5 17. Nd2 a4 18. Bxf4 exf4 19. f3 a3 20. b4 Red8 21. Rad1 Qh4
22. Kh1 Qf2 23. Re2 Qa7 24. e5 Qa4 25. Rc1 Qxc2 26. Rxc2 Bf5 27. Rc1 Bxe5 28.
Nb3 Bf6 29. Nc5 b6 30. Nb3 Kg7 31. Kg1 Rd6 32. Rd2 Rad8 33. Rxd6 Rxd6 34. Kf2
Bh4+ 35. Kg1 Bf6 36. Kf2 Be6 37. c4 Bb2 38. Rb1 Bf5 39. Re1 Bc2 40. c5 Rd8 41.
Bc4 b5 42. Na1 Bc3 43. Bxb5 Bxe1+ 0-1

[Event "Titled Tue 24th Jun Early"]
[Site "chess.com INT"]
[Date "2025.06.24"]
[Round "10"]
[White "Chigaev, Maksim"]
[Black "Sapocinic, Semion"]
[Result "1-0"]
[WhiteTitle "GM"]
[BlackTitle "FM"]
[WhiteElo "2635"]
[BlackElo "2296"]
[WhiteFideId "4108116"]
[BlackFideId "13908693"]
[EventDate "2025.06.24"]

1. d4 Nf6 2. Nf3 d5 3. c4 e6 4. g3 Bb4+ 5. Nbd2 O-O 6. Bg2 dxc4 7. Qc2 c5 8.
dxc5 Bxc5 9. O-O Nc6 10. Nxc4 Qe7 11. a3 Rd8 12. b4 Nd4 13. Nxd4 Bxd4 14. Bb2
Bxb2 15. Qxb2 Rb8 16. Rac1 Bd7 17. Qe5 Be8 18. Rfd1 b6 19. h3 Ba4 20. Rxd8+ Rxd8
21. Ne3 h6 22. Nf5 Qd7 23. Nxh6+ Kf8 24. Ng4 Nxg4 25. hxg4 Rc8 26. Rxc8+ Qxc8
27. Qd6+ Kg8 28. Be4 Bb5 29. Bf3 g6 30. g5 Qc1+ 31. Kg2 Qxg5 32. Qb8+ Kg7 33.
Qxa7 Qe5 34. Qxb6 Bxe2 35. Bxe2 Qxe2 36. a4 Qe4+ 37. Kh2 e5 38. a5 Qg4 39. Qe3 1-0

[Event "Titled Tue 24th Jun Early"]
[Site "chess.com INT"]
[Date "2025.06.24"]
[Round "10"]
[White "Kislinsky, Alexey"]
[Black "Donoso Aguirre, Maximiliano"]
[Result "0-1"]
[WhiteTitle "GM"]
[BlackTitle "CM"]
[WhiteElo "2341"]
[BlackElo "2050"]
[WhiteFideId "14108801"]
[BlackFideId "3458920"]
[EventDate "2025.06.24"]

1. d4 d5 2. c4 e6 3. Nf3 Nf6 4. e3 a6 5. Nbd2 dxc4 6. Bxc4 b5 7. Bd3 Bb7 8. a4
c6 9. O-O Bd6 10. e4 Bc7 11. Qe2 Nbd7 12. e5 Nd5 13. Qe4 bxa4 14. Qg4 g6 15. Nc4
c5 16. Bh6 cxd4 17. Rfe1 Nc5 18. Bf1 d3 19. Nd4 Nb4 20. Rad1 Bd5 21. Nd6+ Bxd6
22. exd6 Qxd6 23. Bg7 Rg8 24. Be5 Qe7 25. Qf4 Nc2 26. Bf6 Qd7 27. Nxc2 dxc2 28.
Rd2 Rc8 29. Rxc2 Qb7 30. Qd6 Qc6 31. Qe5 Qd7 32. Rd1 Kf8 33. Bxa6 Nxa6 34. Rxc8+
Qxc8 35. Qxd5 exd5 36. Rxd5 Qe8 37. Kf1 Nc7 38. Rd6 Qb5+ 39. Ke1 Ne8 40. Rd8 Qb6
41. Bg5 Qxd8 42. Bxd8 f6 43. Ba5 Kf7 44. Bb4 Nc7 45. Bc3 Ne6 0-1

[Event "Titled Tue 24th Jun Early"]
[Site "chess.com INT"]
[Date "2025.06.24"]
[Round "10"]
[White "Chernov, Alexander A."]
[Black "Aarav Sinha"]
[Result "0-1"]
[WhiteTitle "FM"]
[BlackTitle "FM"]
[WhiteElo "2314"]
[BlackElo "2255"]
[WhiteFideId "4152492"]
[BlackFideId "25674064"]
[EventDate "2025.06.24"]

1. d4 Nf6 2. Nc3 d5 3. Bg5 Nbd7 4. e3 e6 5. f4 Be7 6. Nf3 c5 7. a3 b6 8. Ne5 Bb7
9. Bb5 O-O 10. O-O a6 11. Be2 cxd4 12. exd4 Ne4 13. Nxe4 dxe4 14. Bxe7 Qxe7 15.
c3 Nf6 16. Qd2 b5 17. Ng4 Nd5 18. Ne3 f5 19. Nxd5 Bxd5 20. Qe3 Rac8 21. h3 h6
22. Kh2 Bc4 23. Rae1 a5 24. Rg1 b4 25. axb4 axb4 26. g4 bxc3 27. bxc3 Bd3 28.
Rc1 Bxe2 29. Qxe2 Qa3 30. Qe3 Rb8 31. Rc2 Rb2 32. Rgg2 Rxc2 33. Rxc2 Rc8 34.
gxf5 exf5 35. d5 Qb3 36. Qd2 Qc4 37. d6 Rd8 38. Rb2 Qc6 39. Qd4 Rxd6 40. Rb8+
Kh7 41. Qe5 Rd2+ 42. Kg3 Qg6+ 43. Kh4 Rg2 0-1

[Event "Titled Tue 24th Jun Early"]
[Site "chess.com INT"]
[Date "2025.06.24"]
[Round "10"]
[White "Diachek, Andrii"]
[Black "Skiadopoulos, Nikolaos"]
[Result "1-0"]
[WhiteTitle "CM"]
[BlackTitle "CM"]
[WhiteElo "2177"]
[BlackElo "1882"]
[WhiteFideId "34106499"]
[BlackFideId "4200772"]
[EventDate "2025.06.24"]

1. c4 Nf6 2. Nc3 e5 3. Nf3 Nc6 4. a3 d6 5. e4 Bg4 6. Be2 Bxf3 7. Bxf3 Nd4 8. O-O
Be7 9. d3 c6 10. Be3 Nxf3+ 11. Qxf3 O-O 12. b4 Qd7 13. a4 a6 14. b5 axb5 15.
axb5 h6 16. Rfb1 Ng4 17. h3 Nxe3 18. Qxe3 f5 19. exf5 Qxf5 20. bxc6 bxc6 21.
Rxa8 Rxa8 22. Qe4 Qxe4 23. Nxe4 d5 24. cxd5 cxd5 25. Nc3 Ra5 26. Rb5 Rxb5 27.
Nxb5 Kf7 28. Nc7 d4 29. Kf1 Bd6 30. Nb5 Bb8 31. Ke2 Ke6 32. Kf3 Kd5 33. h4 g6
34. g4 Kc5 35. Na3 Kb4 36. Nc4 Kc3 37. Ke4 Bc7 38. f3 Kc2 39. g5 hxg5 40. hxg5
Kd1 41. Nxe5 Ke2 42. Nxg6 Bd6 43. f4 Kf2 44. f5 Kg3 45. f6 Kg4 46. f7 Kxg5 47.
f8=Q Bxf8 48. Nxf8 Kf6 49. Nd7+ Ke6 50. Ne5 1-0

[Event "Titled Tue 24th Jun Early"]
[Site "chess.com INT"]
[Date "2025.06.24"]
[Round "10"]
[White "Fomevor, Cephas Clinton"]
[Black "Bustelo, Tabare"]
[Result "0-1"]
[WhiteTitle "CM"]
[BlackTitle "CM"]
[WhiteElo "1883"]
[BlackElo "2043"]
[WhiteFideId "12601330"]
[BlackFideId "3000362"]
[EventDate "2025.06.24"]

1. d4 d5 2. c4 Bf5 3. Nc3 e6 4. cxd5 exd5 5. Qb3 Nf6 6. Qxb7 Nbd7 7. Bg5 Rb8 8.
Qxa7 Bb4 9. a3 Bxc3+ 10. bxc3 O-O 11. e3 Rb3 12. Rc1 Qe7 13. Qxc7 Qxa3 14. e4
Nxe4 15. Be3 Nxc3 16. Be2 Na2 17. Rd1 Rxe3 18. fxe3 Qxe3 19. Nf3 Nc3 20. Rd2 Re8
21. Ne5 Nxe5 22. dxe5 Rxe5 23. Qb8+ Re8 24. Qg3 Qxd2+ 25. Kxd2 Ne4+ 26. Kd1 Nxg3
27. hxg3 Be4 28. Bf3 f5 29. Kd2 Ra8 30. Ke3 Ra3+ 31. Kf4 h6 32. Rc1 Kh7 33. Ke5
Bxf3 34. gxf3 Rxf3 35. Rg1 Kg6 36. Kxd5 Re3 37. Kd4 Re4+ 38. Kd3 Kg5 39. Kd2 Kg4
40. Kd3 g5 41. Kd2 Ra4 42. Ke2 Ra3 43. Kf2 Rf3+ 44. Ke2 Rxg3 45. Rh1 h5 46. Kf2
f4 47. Rh2 f3 48. Rh1 Rg2+ 49. Kf1 h4 50. Rg1 Kg3 51. Rxg2+ fxg2+ 52. Kg1 Kf3
53. Kh2 Kf2 54. Kh3 g4+ 55. Kxg4 g1=Q+ 56. Kxh4 Kf3 0-1

[Event "Titled Tue 24th Jun Early"]
[Site "chess.com INT"]
[Date "2025.06.24"]
[Round "10"]
[White "Ambartsumova, Karina"]
[Black "Gaal, Zsoka"]
[Result "1-0"]
[WhiteTitle "IM"]
[BlackTitle "WGM"]
[WhiteElo "2403"]
[BlackElo "2391"]
[WhiteFideId "4166299"]
[BlackFideId "777765"]
[EventDate "2025.06.24"]

1. Nf3 g6 2. c4 c5 3. d4 cxd4 4. Nxd4 Nc6 5. Nc2 Bg7 6. e4 Nf6 7. Nc3 O-O 8. Be2
d6 9. O-O Be6 10. Be3 Rc8 11. f3 a6 12. Qd2 Nd7 13. Rac1 Nce5 14. b3 b5 15. f4
Ng4 16. f5 Nxe3 17. Nxe3 Qb6 18. fxe6 fxe6 19. Bg4 Nc5 20. Kh1 Bh6 21. Qd4 Bg7
22. Qd2 Bh6 23. Rce1 b4 24. Ncd1 Nxe4 25. Bxe6+ Kh8 26. Qe2 Rxf1+ 27. Rxf1 Rf8
28. Qb2+ Rf6 29. Nd5 Bg7 30. Nxf6 Bxf6 31. Qe2 Qd4 32. Bd5 Nd2 33. Re1 Nb1 34.
Qe3 1-0

[Event "Titled Tue 24th Jun Early"]
[Site "chess.com INT"]
[Date "2025.06.24"]
[Round "10"]
[White "Aranda, Juan Manuel"]
[Black "Nugumanov, Bakhtiyar"]
[Result "0-1"]
[WhiteTitle "CM"]
[BlackTitle "IM"]
[WhiteElo "2134"]
[BlackElo "2305"]
[WhiteFideId "160458"]
[BlackFideId "13701797"]
[EventDate "2025.06.24"]

1. Nf3 Nf6 2. g3 g6 3. Bg2 Bg7 4. O-O O-O 5. d3 d5 6. Nc3 c5 7. e4 e6 8. Re1 Nc6
9. Bf4 Re8 10. exd5 Nxd5 11. Nxd5 exd5 12. c3 Bg4 13. Qd2 Qb6 14. Ng5 Red8 15.
h3 Bc8 16. Bxd5 Rxd5 17. Re8+ Bf8 18. Nxh7 Kxh7 19. Rxf8 Rf5 20. Re1 Be6 21.
Rxa8 Qa5 22. Rf8 Qxa2 23. g4 Rf6 24. f3 Qd5 25. Qf2 Rxf4 26. Qh4+ Qh5 27. gxh5
Rxh4 28. hxg6+ Kxg6 29. Kf2 Rxh3 30. Rg1+ Kf6 31. Rfg8 Ne5 32. R1g3 Nxd3+ 33.
Ke3 Rxg3 34. Rxg3 Nxb2 35. Rg1 Nc4+ 36. Kf4 b5 37. Ra1 a5 38. Ke4 b4 39. cxb4
axb4 40. f4 b3 41. Kd3 b2 0-1

[Event "Titled Tue 24th Jun Early"]
[Site "chess.com INT"]
[Date "2025.06.24"]
[Round "10"]
[White "Kramnik, Vladimir"]
[Black "Henriquez Villagra, Cristobal"]
[Result "1-0"]
[WhiteTitle "GM"]
[BlackTitle "GM"]
[WhiteElo "2753"]
[BlackElo "2597"]
[WhiteFideId "4101588"]
[BlackFideId "3409350"]
[EventDate "2025.06.24"]

1. e4 c5 2. Nf3 d6 3. c3 Nf6 4. g3 g6 5. Bg2 Bg7 6. O-O O-O 7. Re1 e5 8. d4 Nc6
9. d5 Ne7 10. a4 b6 11. Na3 Ne8 12. b4 f5 13. bxc5 bxc5 14. Nc4 Ba6 15. Qb3 Rb8
16. Qa2 fxe4 17. Ng5 Nc7 18. Nxe4 Nf5 19. Na5 Qd7 20. Nc6 Rbe8 21. Nxa7 Kh8 22.
Rb1 c4 23. Rb6 Ra8 24. Rxa6 Nxa6 25. Nc6 Ne7 26. Qxc4 Nc7 27. Nxe7 Qxe7 28. Ba3
Rfd8 29. Rb1 Ne8 30. Rb6 Qa7 31. Qb5 Qxa4 32. Qxa4 Rxa4 33. Nxd6 Nxd6 34. Bxd6
Ra1+ 35. Bf1 e4 36. Be7 Rc8 37. d6 Rd1 38. Rb7 Bxc3 39. d7 Ra8 40. Rc7 Raa1 41.
d8=Q+ 1-0

[Event "Titled Tue 24th Jun Early"]
[Site "chess.com INT"]
[Date "2025.06.24"]
[Round "10"]
[White "Vignesh, N R"]
[Black "Asish Panda"]
[Result "1-0"]
[WhiteTitle "GM"]
[WhiteElo "2531"]
[BlackElo "1911"]
[WhiteFideId "25012215"]
[BlackFideId "45012458"]
[EventDate "2025.06.24"]

1. d4 d5 2. c4 e6 3. Nc3 Nf6 4. cxd5 exd5 5. Bg5 c6 6. e3 Bd6 7. Bd3 O-O 8. Nge2
h6 9. Bh4 Re8 10. Qc2 a5 11. a3 Na6 12. Bg3 Nc7 13. O-O Ne6 14. Rae1 Ng5 15.
Bxd6 Qxd6 16. Ng3 h5 17. f4 Ne6 18. Qd1 h4 19. Nf5 Qf8 20. Nxh4 c5 21. Nf3 cxd4
22. Nxd4 Nxd4 23. exd4 Bg4 24. Qd2 Qd6 25. f5 Bh5 26. Nb5 Qb6 27. Qf4 Ne4 28. g4
Bxg4 29. Qxg4 Nf6 30. Qg3 Rac8 31. Rxe8+ Rxe8 32. Qd6 Qxd6 33. Nxd6 Re3 34. Rd1
b6 35. Nb5 Rh3 36. Kg2 Rh4 37. h3 Nh5 38. Be2 Nf6 39. Nc3 g5 40. fxg6 fxg6 41.
Bf3 Kg7 42. Nxd5 Nh7 43. Kg3 Rh6 44. Ne3 1-0

[Event "Titled Tue 24th Jun Early"]
[Site "chess.com INT"]
[Date "2025.06.24"]
[Round "10"]
[White "Sargissyan, Sargis"]
[Black "Tregubov, Pavel V."]
[Result "0-1"]
[WhiteTitle "FM"]
[BlackTitle "GM"]
[WhiteElo "2206"]
[BlackElo "2550"]
[WhiteFideId "13303210"]
[BlackFideId "4115341"]
[EventDate "2025.06.24"]

1. e4 c5 2. Nf3 e6 3. d4 cxd4 4. Nxd4 Nf6 5. Nc3 Nc6 6. a3 d5 7. exd5 Nxd5 8.
Nxd5 Qxd5 9. Be3 Bc5 10. Nxc6 Qxc6 11. Bxc5 Qxc5 12. Bd3 Bd7 13. O-O Bc6 14. Qe2
O-O 15. Be4 Rac8 16. Bxc6 Rxc6 17. c3 Rd8 18. Rad1 Rcd6 19. Rxd6 Qxd6 20. Re1 h6
21. g3 b6 22. Qc4 Qd2 23. Qe2 Qd5 24. Qe4 Qb3 25. Qe2 Rd5 26. Rc1 a5 27. Rc2 a4
28. Rd2 b5 29. Rxd5 Qxd5 30. h4 e5 31. Qf1 f5 32. Qe2 e4 33. Qh5 Kh7 34. Qe2 Kg6
35. h5+ Kf6 36. Kh2 Kg5 37. Kg1 Qd3 38. Qe1 Kxh5 39. Qc1 Kg6 40. Qf4 Qd1+ 0-1

[Event "Titled Tue 24th Jun Early"]
[Site "chess.com INT"]
[Date "2025.06.24"]
[Round "10"]
[White "Burmakin, Evgeniy"]
[Black "Izafatava, Kira"]
[Result "1-0"]
[WhiteTitle "FM"]
[BlackTitle "WCM"]
[WhiteElo "2110"]
[BlackElo "2036"]
[WhiteFideId "4163729"]
[BlackFideId "13521705"]
[EventDate "2025.06.24"]

1. e4 c5 2. Nf3 e6 3. d4 cxd4 4. Nxd4 a6 5. Bd3 Bc5 6. Nb3 Ba7 7. Qg4 Qf6 8. O-O
h5 9. Qg5 Qxg5 10. Bxg5 b5 11. a4 b4 12. c3 Nc6 13. N1d2 Bb7 14. Nc4 f6 15. Bd2
bxc3 16. Bxc3 Ke7 17. Nba5 Nxa5 18. Nxa5 Bc8 19. e5 fxe5 20. Bxe5 Nf6 21. Rac1
Bb8 22. f4 Nd5 23. Bxg7 Rg8 24. Be5 Bxe5 25. fxe5 Ne3 26. Rf2 Ng4 27. Re2 Rg5
28. Rce1 Rb8 29. h3 Nh6 30. Rc1 Nf7 31. Rc5 Bb7 32. Rc7 1-0